000 00636nam a2200205Ia 4500
001 10807
003 GE_BSU
008 181216s||||||||xx |||||||||||||| ||und||
040 _cGE_BSU
080 _a821.353.1-1
100 _aქვლივიძე,მიხეილ.
245 _aლექსები:1944-1984.
245 _cრედ.ნ.აბესაძე;მხატვ.ზ.დეისაძე.
260 _aთბილისი.
260 _bსაბჭოთა საქართველო.
260 _c1984.
300 _a304გვ;21სმ.
653 _aლექსები:1944-1984.
942 _cBK
999 _c44055
_d44055